000 00572cab a2200205 4500
001 WB2542-03
008 090401t1989 xxu||||| |||| 00| 0 eng d
035 _a(Sirsi) u71186
041 _aeng
245 _aWimpey report
260 _c1989
350 _a0
490 _aHouse of Commons Hansard
_v23 October 1989, Col 303
520 _aThe BRE have published a report on the structural condition of Wimpey no-fines houses and flats.
650 _aHOUSE BUILDING
650 _aSYSTEM BUILDING
690 _aBUILT ENVIRONMENT
942 _n0
948 _c04/03/1997
999 _c44845
_d44845